| 000 | 01319cam a2200253 4500 | ||
|---|---|---|---|
| 001 | ##L135146 | ||
| 002 | ##8726 | ||
| 008 | 060929n2006 000 0 eng u | ||
| 020 | _a1861267797 | ||
| 035 | _a(Sirsi) u135146 | ||
| 041 | 0 | _aeng | |
| 050 | 0 | 4 | _a697 $2 18 |
| 100 | 1 | _aWaterfield, Patrick | |
| 245 | 0 | 4 |
_aThe energy efficient home _ba complete guide |
| 260 |
_aRambury _bCrowood Press _c2006 |
||
| 300 |
_a176p. _bill. _c26cm. |
||
| 350 | _a16.99 | ||
| 505 | 1 | _aSite and built form -- Insulation and U-values -- Methods of construction -- Windows and doors -- Conservatories, sunrooms and loft conversions -- Heating and hot water -- Lighting -- Ventilation -- Renewable energy technologies -- Appliances and housekeeping -- Energy/environmental rating and legal framework -- Wider environmental issues | |
| 520 | _aThis non-technical book provides practical advice to self-builders and DIY enthusiasts on energy related aspects of housing design and refurbishment. Chapters are arranged to address energy saving measures and issues as they occur along the process of a build. Includes useful contacts, publications and additional information. | ||
| 590 | _aIKA311006 | ||
| 651 | 4 |
_aUnited Kingdom _y |
|
| 690 | _aENVIRONMENTAL AND LAND CONSULTANCY-ENERGY-ENERGY USE-ENERGY EFFICIENCY | ||
| 942 | _n0 | ||
| 999 |
_c105927 _d105927 |
||